| 000 | 00743nam a2200181Ia 4500 | ||
|---|---|---|---|
| 003 | GCL | ||
| 008 | 140319s9999 xx 000 0 ara d | ||
| 040 |
_aGCL / _cGCL |
||
| 082 | 0 | 4 |
_a250 _bق ز |
| 100 | 1 | _aابن قيم الجوزية: شمس الدين ابو عبدالله محمد بن ابى بكر | |
| 245 | 1 | 0 |
_aزاد المعاد فى هدى خير العباد / _cابن قيم الجوزية: شمس الدين ابو عبدالله محمد بن ابى بكر |
| 260 |
_aالقاهرة : _bالمكتبة القيمة للطباعة والنشر والتوزيع ، _c1989 |
||
| 300 | _a343 ص | ||
| 490 | _a | ||
| 650 | 0 | 4 | _aالشريعة الاسلامية |
| 650 | 0 | 4 | _aاللغة الاسلامية |
| 942 |
_2ddc _cBK |
||
| 999 |
_c54299 _d54299 |
||